|
|
|
|
| LEADER |
01615nam a2200397 a 4500 |
| 001 |
000584721 |
| 003 |
CZ BrMZK |
| 005 |
20100921160413.0 |
| 007 |
ta |
| 008 |
020123s2001 xr e p cze d |
| 015 |
|
|
|a cnb001065194
|
| 020 |
|
|
|a 80-7040-526-0
|q (brož.)
|
| 035 |
|
|
|a (OCoLC)50345853
|
| 040 |
|
|
|a BOA001
|c ze
|d BOA001
|
| 072 |
|
7 |
|a 631
|x Zemědělství. Pedologie. Agrotechnika. Agroekologie
|2 Konspekt
|9 24
|
| 072 |
|
7 |
|a 37.016
|x Učební osnovy. Vyučovací předměty. Učebnice
|2 Konspekt
|9 22
|
| 080 |
|
|
|a 631.57+637
|2 MRF
|
| 080 |
|
|
|a 005.6
|2 MRF
|
| 080 |
|
|
|a 631.147
|2 MRF
|
| 080 |
|
|
|a (075.8)
|2 MRF
|
| 100 |
1 |
|
|a Moudrý, Jan,
|d 1946-
|7 ola2003191630
|4 aut
|
| 245 |
1 |
0 |
|a Kvalita, zpracování a odbyt bioproduktů /
|c Jan Moudrý, Jaroslav Prugar
|
| 250 |
|
|
|a 1. vyd
|
| 260 |
|
|
|a České Budějovice :
|b Jihočeská univerzita, Zemědělská fakulta,
|c 2001
|
| 300 |
|
|
|a 148 s. :
|b il. ;
|c 29 cm
|
| 500 |
|
|
|a Nad názvem: Jihočeská univerzita v Českých Budějovicích, Zemědělská fakulta
|
| 504 |
|
|
|a Obsahuje bibliografii
|
| 650 |
0 |
7 |
|a zemědělské produkty
|7 ph116766
|2 czenas
|
| 650 |
0 |
7 |
|a management jakosti
|7 ph115218
|2 czenas
|
| 650 |
0 |
7 |
|a ekologické zemědělství
|7 ph119814
|2 czenas
|
| 655 |
|
7 |
|a učebnice vysokých škol
|7 fd133772
|2 czenas
|
| 700 |
1 |
|
|a Prugar, Jaroslav,
|d 1928-2012
|7 jk01101416
|4 aut
|
| 910 |
|
|
|a BOA001
|b 3-1098.060
|
| 990 |
|
|
|a BK
|
| 996 |
6 |
|
|b 2610152739
|c 3-1098.060
|l MZK
|r Sklad / do 1 hodiny
|n 13
|p p.v.
|w 000584721
|u 000010
|a 1
|e BOA001
|j MZK50
|s P
|
| 996 |
7 |
|
|b 2610152740
|c 3-1098.060
|l MZK
|r Sklad / do 1 hodiny
|n 47
|p kup
|w 000584721
|u 000020
|a 1
|e BOA001
|j MZK50
|s A
|